| 000 | 00937cam a2200253 i 4500 | ||
|---|---|---|---|
| 003 | SA-RiAUC | ||
| 005 | 20240926141934.0 | ||
| 008 | 240919s1988 le g 000 0 ara c | ||
| 040 |
_aJO-MaAABU _bara _cSA-RiAUC _erda |
||
| 050 | 0 | 0 | _bA2424 1988 |
| 082 | 0 | 4 | _a953.072 |
| 090 |
_a 953.072 _bت ر ك |
||
| 100 | 1 |
_aتركي، عبد المجيد، _d1931-2010 _eمؤلف. |
|
| 245 | 1 | 0 |
_aقضايا ثقافية من تاريخ المغرب الإسلامي : _bنصوص ودراسات/ _cعبد المجيد تركي. |
| 250 | _aالطبعة الاولى | ||
| 264 | 1 |
_aبيروت : _bدار الغرب الإسلامي، _c1988 |
|
| 300 | _a484 صفحة | ||
| 336 |
_aنص _btxt _2rdacontent _3كتاب |
||
| 337 |
_aبدون وسيط _bn _2rdamedia |
||
| 338 |
_aمجلد _bnc _2rdacarrier |
||
| 651 | 7 |
_aالمغرب العربي _xتاريخ _2aucsh |
|
| 942 |
_2ddc _cBOOK _n0 |
||
| 949 |
_aSA-JeALM _d240919 _umohamedma123 _n1 |
||
| 999 |
_c571 _d571 |
||